| 000 | 00733nam a2200253 i 4500 | ||
|---|---|---|---|
| 001 | 13924 | ||
| 003 | ES-MaACL | ||
| 005 | 20250824063333.0 | ||
| 007 | t| | ||
| 008 | 961022s1996 sp |||| | spa j | ||
| 020 | _a84-245-0708-8 | ||
| 080 | _a860-23"19" | ||
| 080 | _a860-22"19" | ||
| 100 | 1 |
_aOrtega, Juan Pablo. _987414 |
|
| 245 | 1 | 4 |
_aLos invitados _b; y Tres casacas / _cJuan Pablo Ortega. |
| 246 | 3 | 0 | _aTres casacas |
| 250 | _a1ª ed. | ||
| 260 |
_aMadrid : _bFundamentos, _c1996. |
||
| 300 |
_a124 p. ; _c21 cm. |
||
| 490 | 1 |
_aEspiral ; _v176. _aTeatro |
|
| 830 | 0 | 0 |
_aEspiral. _pTeatro _v176. _9228100 |
| 852 |
_aES-MaACL _jL-21329 _z. - Dedicatoria autógrafa del autor |
||
| 999 |
_c13924 _d13924 |
||